000 01689cam a22004577i 4500
001 22418459
005 20260606113636.0
008 220210t20202020ii ab b 001 0 eng d
010 _a 2021443274
020 _a9789353883348
_qhardcover
020 _a9353883342
_qhardcover
020 _a9353883377
020 _a9789353883379
035 _a22418459
035 _a(OCoLC)1224577984
040 _aYDXIT
_beng
_cYDXIT
_erda
_dYDXIT
_dOCLCO
_dYDX
_dOCLCF
_dDKAGE
_dDLC
042 _alccopycat
043 _aa-ii---
050 0 0 _aS471.I3
_bS27 2020
082 0 4 _a630.954
100 0 _aSanjeev Kumar,
_d1978-
_eauthor.
245 1 4 _aThe state of Indian agriculture :
_bagricultural productivity, food security and climate change /
_cSanjeev Kumar.
264 1 _aNew Delhi :
_bSage,
_c2020.
264 4 _c©2020
300 _axxx, 268 pages :
_billustrations, maps ;
_c23 cm
336 _atext
_btxt
_2rdacontent
336 _astill image
_bsti
_2rdacontent
336 _acartographic image
_bcri
_2rdacontent
337 _aunmediated
_bn
_2rdamedia
338 _avolume
_bnc
_2rdacarrier
504 _aIncludes bibliographical references and index.
650 0 _aAgriculture and state
_zIndia.
650 0 _aAgriculture
_xEconomic aspects
_zIndia.
650 7 _aAgriculture and state.
_2fast
_0(OCoLC)fst00801722
650 7 _aAgriculture
_xEconomic aspects.
_2fast
_0(OCoLC)fst00801415
651 7 _aIndia.
_2fast
_0(OCoLC)fst01210276
856 _uhttps://sk.sagepub.com/books/the-state-of-indian-agriculture
_yRead SAGE E-Book
906 _a7
_bcbc
_ccopycat
_d2
_encip
_f20
_gy-gencatlg
942 _2ddc
_cBK
999 _c44728
_d44728